Формы и методы активизации производственного обучения в системе начального профессионального образования Кузбасса (1940-1959 гг.); Модернизация инженерного образования: проблемы и перспективы

Detalles Bibliográficos
Parent link:Модернизация инженерного образования: проблемы и перспективы.— 2008.— С. 300-305
Autor Principal: Соловенко И. С. Игорь Сергеевич
Idioma:ruso
Publicado: 2008
Subjects:
Formato: Capítulo de libro
KOHA link:https://koha.lib.tpu.ru/cgi-bin/koha/opac-detail.pl?biblionumber=164065

MARC

LEADER 00000naa2a2200000 4500
001 164065
005 20240207144241.0
035 |a (RuTPU)RU\TPU\book\177995 
090 |a 164065 
100 |a 20090827d2008 k y0rusy50 ca 
101 0 |a rus 
102 |a RU 
200 1 |a Формы и методы активизации производственного обучения в системе начального профессионального образования Кузбасса (1940-1959 гг.)  |f И. С. Соловенко 
320 |a Библиогр.: 20 назв. 
463 0 |0 (RuTPU)RU\TPU\book\164866  |t Модернизация инженерного образования: проблемы и перспективы  |o труды VI Всероссийской научно-практической конференции, 5 ноября 2008 г., Юрга  |f Томский политехнический университет (ТПУ), Юргинский технологический институт (ЮТИ)  |v С. 300-305  |d 2008  |p 340 с. 
610 1 |a производственное обучение 
610 1 |a начальное профессиональное образование 
610 1 |a профессиональное образование 
610 1 |a Кузбасс 
610 1 |a история 
610 1 |a труды учёных ТПУ 
700 1 |a Соловенко  |b И. С.  |c историк, экономист  |c профессор Юргинского технологического института (филиала) Томского политехнического университета, доктор наук  |f 1971-  |g Игорь Сергеевич  |3 (RuTPU)RU\TPU\pers\24526  |9 10836 
801 1 |a RU  |b 63413507  |c 20090827 
942 |c BK